[Event "DVM U12 2003"]
[Site "Verden/Aller GER"]
[Date "2003.12.28"]
[Round "4"]
[White "Wang, Zhangxian"]
[Black "Stellfeld, Tilman"]
[Result "1-0"]
[Termination "normal"]
[Board "2.3"]
[WhiteElo "1390"]
[BlackElo "1180"]
[WhiteTeam "SC Leipzig-Gohlis"]
[BlackTeam "SK Johanneum Eppendorf"]
[PlyCount "49"]
[BlackFideId "24651311"]
[EventCountry "GER"]
[EventRounds "7"]
[EventType "team-swiss"]
[EventDate "2003.12.26"]

1. e4 c5 2. Nf3 e6 3. d4 cxd4 4. Nxd4 a6 5. c4 Qc7 6. Bd3 Nf6 7. O-O b6 8. Re1
d6 9. Nc3 Nbd7 10. Bf4 e5 11. Nd5 Nxd5 12. exd5 Be7 13. Nf5 g6 14. Nxe7 Kxe7
15. Be3 Nc5 16. Bf1 Rb8 17. Qf3 f5 18. Rab1 b5 19. b3 Bd7 20. b4 Nb7 21. c5 Be8
22. Bg5+ Kf8 23. Bf6 Rg8 24. Qh3 Qf7 25. Qh6+ 1-0

[Event "DVM U12 2003"]
[Site "Verden/Aller GER"]
[Date "2003.12.28"]
[Round "4"]
[White "Pfefferkorn, Adrian"]
[Black "Hietter, Marc-Aurel"]
[Result "0-1"]
[Termination "normal"]
[Board "3.2"]
[WhiteElo "1330"]
[BlackElo "1198"]
[WhiteTeam "Naumburger SV"]
[BlackTeam "SC Rastatt"]
[PlyCount "110"]
[EventCountry "GER"]
[EventRounds "7"]
[EventType "team-swiss"]
[EventDate "2003.12.26"]

1. e4 d5 2. exd5 Qxd5 3. Nc3 Qa5 4. d4 Nf6 5. Bc4 c6 6. Bd2 Qc7 7. Qe2 Bf5 8.
O-O-O e6 9. f3 Bd6 10. g4 Bg6 11. h4 h6 12. Nh3 Nbd7 13. f4 O-O-O 14. h5 Bh7
15. g5 Nd5 16. Bxd5 exd5 17. Qf2 Bf5 18. Ng1 hxg5 19. fxg5 Bg4 20. Re1 Bg3 21.
Qe3 Bxe1 22. Qxe1 Rxh5 23. Rxh5 Bxh5 24. Qh4 g6 25. Qf2 Rf8 26. Nh3 Qd6 27. Nf4
f6 28. Qg1 f5 29. Qe3 Nb6 30. Be1 Nc4 31. Qf2 Re8 32. Kb1 Qe7 33. Ng2 Qxg5 34.
a3 Qe7 35. Ka2 Ne3 36. Nxe3 Qxe3 37. Qxe3 Rxe3 38. Bd2 Rg3 39. Nd1 g5 40. Ne3
f4 41. Nf5 Rg2 42. Be1 f3 43. Nh4 gxh4 44. Bxh4 f2 45. Bxf2 Rxf2 46. Kb3 Bd1
47. Kb4 Rxc2 48. b3 Rb2 49. Ka5 Rxb3 50. a4 Ra3 51. Kb4 Rxa4+ 52. Kc5 b6+ 53.
Kxc6 Rxd4 54. Kb5 Be2+ 55. Kc6 a5 0-1

[Event "DVM U12 2003"]
[Site "Verden/Aller GER"]
[Date "2003.12.28"]
[Round "4"]
[White "Kaupp, Dennis"]
[Black "Mertens, Pauline"]
[Result "1/2-1/2"]
[Termination "normal"]
[Board "3.3"]
[WhiteElo "1221"]
[BlackElo "1245"]
[WhiteTeam "SC Rastatt"]
[BlackTeam "Naumburger SV"]
[PlyCount "93"]
[BlackFideId "24671959"]
[EventCountry "GER"]
[EventRounds "7"]
[EventType "team-swiss"]
[EventDate "2003.12.26"]

1. Nf3 g6 2. g3 Bg7 3. Bg2 d6 4. O-O Nf6 5. d3 O-O 6. c4 e5 7. Nc3 c6 8. h3
Nbd7 9. e4 Nh5 10. Be3 Qe8 11. Qc1 f5 12. exf5 gxf5 13. Bh6 Bxh6 14. Qxh6 Qg6
15. Qxg6+ hxg6 16. d4 e4 17. Ng5 Re8 18. d5 cxd5 19. Nxd5 Re5 20. Kh2 Nhf6 21.
Rad1 Nxd5 22. cxd5 Nb6 23. f4 Rxd5 24. Rxd5 Nxd5 25. Rd1 Nf6 26. Rxd6 Kg7 27.
h4 Bd7 28. Ne6+ Bxe6 29. Rxe6 Kf7 30. Rd6 Re8 31. Rd1 b6 32. Kg1 e3 33. Re1 Ng4
34. Bf3 Nf6 35. b3 Kg7 36. Kg2 Nd7 37. Bc6 Re7 38. Bxd7 Rxd7 39. Rxe3 Rd2+ 40.
Kf3 Rxa2 41. g4 fxg4+ 42. Kxg4 a5 43. h5 gxh5+ 44. Kxh5 Kf6 45. Kg4 a4 46. bxa4
Rxa4 47. Rb3 1/2-1/2

[Event "DVM U12 2003"]
[Site "Verden/Aller GER"]
[Date "2003.12.28"]
[Round "4"]
[White "Wendling, Florian"]
[Black "Rohde, Dirk"]
[Result "1/2-1/2"]
[Termination "normal"]
[Board "3.4"]
[WhiteElo "1229"]
[BlackElo "1096"]
[WhiteTeam "Naumburger SV"]
[BlackTeam "SC Rastatt"]
[PlyCount "86"]
[WhiteFideId "24640212"]
[EventCountry "GER"]
[EventRounds "7"]
[EventType "team-swiss"]
[EventDate "2003.12.26"]

1. e4 g6 2. d4 Bg7 3. Nf3 e6 4. Be3 d6 5. Nbd2 Nd7 6. Nb3 Ngf6 7. Bd3 Qe7 8.
Qc1 O-O 9. O-O e5 10. d5 Ng4 11. Bg5 Ngf6 12. Qd2 Nb6 13. h3 c6 14. c4 c5 15.
Qe3 a5 16. Nc1 Bd7 17. Ne2 a4 18. Nc3 Ra7 19. a3 Rb8 20. Nd2 Rf8 21. f4 h6 22.
fxe5 Qxe5 23. Bf4 Qd4 24. Qxd4 cxd4 25. Ne2 Ne8 26. Nf3 g5 27. Bg3 f6 28. Nfxd4
h5 29. Nf5 Bxf5 30. Rxf5 Nd7 31. Nd4 h4 32. Bh2 Nc5 33. Bc2 Rf7 34. Rf3 b6 35.
Nf5 Rfd7 36. Re3 Kf7 37. Kh1 Ra6 38. Bg1 Kg6 39. Re2 Kf7 40. Bxc5 dxc5 41. Rae1
Nd6 42. Nxd6+ Rxd6 43. Re3 Ra7 1/2-1/2

[Event "DVM U12 2003"]
[Site "Verden/Aller GER"]
[Date "2003.12.28"]
[Round "4"]
[White "Hobusch, Alexander"]
[Black "Gadschisade, Machmud"]
[Result "1-0"]
[Termination "normal"]
[Board "4.1"]
[WhiteElo "1771"]
[BlackElo "1496"]
[WhiteTeam "SG Bochum 1931"]
[BlackTeam "SG Porz"]
[PlyCount "129"]
[WhiteFideId "24611387"]
[BlackFideId "4647734"]
[EventCountry "GER"]
[EventRounds "7"]
[EventType "team-swiss"]
[EventDate "2003.12.26"]

1. d4 Nf6 2. Nf3 g6 3. c4 Bg7 4. Nc3 O-O 5. e4 d6 6. Be2 Nbd7 7. Be3 c6 8. Qd2
Re8 9. Qc2 Qc7 10. Rc1 e5 11. d5 a6 12. Nd2 cxd5 13. cxd5 Nf8 14. Na4 Qxc2 15.
Rxc2 b5 16. Nb6 Rb8 17. Nxc8 Rexc8 18. Rxc8 Rxc8 19. O-O N8d7 20. f3 h5 21. a4
Rb8 22. axb5 axb5 23. Rc1 Ne8 24. Rc6 Kh7 25. Kf2 Bh6 26. Nb3 Bxe3+ 27. Kxe3
Nb6 28. Nc1 Kh6 29. b3 Kg5 30. Nd3 Nd7 31. Ra6 Rb7 32. Ra5 Nb6 33. Ne1 Nc7 34.
Kf2 Nd7 35. b4 Nb8 36. Nc2 Nba6 37. g3 f5 38. h4+ Kf6 39. Ke3 Rb8 40. Kd3 f4
41. gxf4 exf4 42. Kc3 Rc8 43. Kb3 Ra8 44. Bxb5 Nc5+ 45. Kc4 Rxa5 46. bxa5 g5
47. hxg5+ Kxg5 48. e5 h4 49. exd6 Nxb5 50. Kxb5 h3 51. Kxc5 h2 52. d7 h1=Q 53.
d8=Q+ Kg6 54. Qg8+ Kf6 55. Qe6+ Kg7 56. Qg4+ Kh8 57. Qxf4 Qb1 58. Qh6+ Kg8 59.
Qg6+ Kf8 60. d6 Qa2 61. Qf6+ Kg8 62. Qd8+ Kg7 63. Qg5+ Kh8 64. Qh4+ Kg8 65.
Qc4+ 1-0

[Event "DVM U12 2003"]
[Site "Verden/Aller GER"]
[Date "2003.12.28"]
[Round "4"]
[White "Gossmann, Philipp"]
[Black "Mazarov, Jürgen"]
[Result "0-1"]
[Termination "normal"]
[Board "4.2"]
[WhiteElo "1323"]
[BlackElo "1728"]
[WhiteTeam "SG Porz"]
[BlackTeam "SG Bochum 1931"]
[PlyCount "99"]
[BlackFideId "24617768"]
[EventCountry "GER"]
[EventRounds "7"]
[EventType "team-swiss"]
[EventDate "2003.12.26"]

1. e4 e5 2. Nf3 Nf6 3. Nxe5 d6 4. Nf3 Nxe4 5. Nc3 Nxc3 6. dxc3 Be7 7. Bf4 Bg4
8. h3 Bh5 9. g4 Bg6 10. Qd2 Nc6 11. O-O-O Qd7 12. Bg2 O-O-O 13. Nd4 Ne5 14. Kb1
Rhe8 15. h4 h5 16. gxh5 Bxh5 17. Rde1 Bf6 18. Be3 Kb8 19. Nb3 Bf3 20. Bh3 Qe7
21. Qd4 Nc6 22. Qa4 Bxh1 23. Rxh1 Qe4 24. Qxe4 Rxe4 25. Bg2 Rxh4 26. Rxh4 Bxh4
27. Bxc6 bxc6 28. Na5 Rh8 29. a3 c5 30. b4 cxb4 31. cxb4 a6 32. Nc6+ Kc8 33. b5
axb5 34. Na7+ Kb7 35. Nxb5 f5 36. Nd4 f4 37. Bxf4 Bxf2 38. Ne6 Rg8 39. Ka2 Bh4
40. Kb3 g5 41. Bh2 Bf2 42. a4 g4 43. Nf4 g3 44. Bxg3 Rxg3+ 45. Nd3 Kc6 46. Kc3
d5 47. Kd2 Bb6 48. Ne5+ Kd6 49. Nf7+ Kc5 50. Ne5 0-1

[Event "DVM U12 2003"]
[Site "Verden/Aller GER"]
[Date "2003.12.28"]
[Round "4"]
[White "Kordts, Florian"]
[Black "Bohatschek, Daniel"]
[Result "1/2-1/2"]
[Termination "normal"]
[Board "5.1"]
[WhiteElo "1400"]
[BlackElo "1231"]
[WhiteTeam "SC Postbauer-Heng"]
[BlackTeam "ZSG GW Waltershausen"]
[PlyCount "113"]
[WhiteFideId "24626856"]
[BlackFideId "4647629"]
[EventCountry "GER"]
[EventRounds "7"]
[EventType "team-swiss"]
[EventDate "2003.12.26"]

1. c4 e5 2. Nc3 c5 3. g3 Nc6 4. Bg2 Nf6 5. e3 Be7 6. Nge2 d6 7. d4 exd4 8. exd4
Bg4 9. f3 Bh5 10. O-O O-O 11. dxc5 dxc5 12. Nf4 Bg6 13. Nxg6 fxg6 14. b3 Qxd1
15. Rxd1 Rfd8 16. Bb2 Rxd1+ 17. Rxd1 Rd8 18. Rxd8+ Nxd8 19. f4 a6 20. Nd5 Nxd5
21. Bxd5+ Kf8 22. Be5 Nc6 23. Bxc6 bxc6 24. Kf2 g5 25. Kf3 gxf4 26. Kxf4 Kf7
27. g4 g6 28. h3 Ke6 29. Ke4 Bd8 30. Bg7 Be7 31. Kf4 Kd6 32. Bh6 Ke6 33. Bg5
Bd6+ 34. Ke4 Bf8 35. Bf4 Be7 36. a3 a5 37. Bd2 Bd8 38. Bc3 Bc7 39. Kf3 Bb6 40.
Kf4 Bd8 41. Be1 Kd6 42. h4 Ke6 43. h5 g5+ 44. Ke4 Kf6 45. Bd2 Bc7 46. Be3 Bd6
47. Bd2 Bc7 48. Bc3+ Ke6 49. Bg7 Bd8 50. Bf8 Bb6 51. b4 cxb4 52. axb4 axb4 53.
Bxb4 Bd8 54. Bc5 Bc7 55. Ba7 Be5 56. Be3 Bf6 57. Bf2 1/2-1/2

[Event "DVM U12 2003"]
[Site "Verden/Aller GER"]
[Date "2003.12.28"]
[Round "4"]
[White "Grimm, Pascal"]
[Black "Schmidt, Lukas"]
[Result "1-0"]
[Termination "normal"]
[Board "5.3"]
[WhiteElo "1315"]
[BlackElo "901"]
[WhiteTeam "SC Postbauer-Heng"]
[BlackTeam "ZSG GW Waltershausen"]
[PlyCount "69"]
[WhiteFideId "24620122"]
[EventCountry "GER"]
[EventRounds "7"]
[EventType "team-swiss"]
[EventDate "2003.12.26"]

1. c4 Nf6 2. d4 g6 3. Nc3 Bg7 4. e4 d6 5. f3 O-O 6. Be3 c5 7. dxc5 dxc5 8. Bxc5
Nc6 9. Qxd8 Rxd8 10. Nd5 Nxd5 11. cxd5 Bxb2 12. Rb1 Bc3+ 13. Ke2 Ne5 14. Rc1
Ba5 15. Bxe7 Re8 16. Bd6 Nd7 17. Kd1 Nf6 18. Bb5 Rd8 19. Be7 Rf8 20. Bxf6 a6
21. Bd3 Bd8 22. Bxd8 Rxd8 23. Ne2 f5 24. Kd2 fxe4 25. fxe4 Bg4 26. Nd4 Rf8 27.
Rhf1 Rf7 28. Rxf7 Kxf7 29. Rf1+ Kg7 30. Be2 Bd7 31. h3 b5 32. Bg4 Bxg4 33. hxg4
Rb8 34. Ne6+ Kh6 35. Rh1# 1-0

[Event "DVM U12 2003"]
[Site "Verden/Aller GER"]
[Date "2003.12.28"]
[Round "4"]
[White "Boos, Philipp"]
[Black "Schätz, Christopher"]
[Result "0-1"]
[Termination "normal"]
[Board "6.1"]
[WhiteElo "1245"]
[BlackElo "1438"]
[WhiteTeam "USV TU Dresden"]
[BlackTeam "USG Chemnitz"]
[PlyCount "112"]
[BlackFideId "24623997"]
[EventCountry "GER"]
[EventRounds "7"]
[EventType "team-swiss"]
[EventDate "2003.12.26"]

1. d4 d6 2. c4 g6 3. Nf3 Bg7 4. Nc3 Nf6 5. g3 O-O 6. Bg2 Na6 7. O-O c5 8. d5
Nc7 9. e4 a6 10. Bf4 b5 11. cxb5 axb5 12. Qc2 e6 13. dxe6 Nxe6 14. Be3 Rb8 15.
Rfd1 Qc7 16. Nd5 Nxd5 17. exd5 Nd8 18. Bd4 f6 19. Rac1 Qa7 20. Be3 Qxa2 21. Ra1
Qc4 22. Qxc4 bxc4 23. Rdc1 Rxb2 24. Rxc4 Nf7 25. Ra7 Bb7 26. Nd2 Ne5 27. Rc3 f5
28. Rb3 Rxb3 29. Nxb3 Rb8 30. Na5 Ra8 31. Rxa8+ Bxa8 32. f4 Nd3 33. Bd2 Nb4 34.
Bxb4 cxb4 35. Kf1 Kf7 36. Ke2 Ke8 37. Kd3 Kd7 38. Kc4 Bc3 39. Bf3 Kc7 40. Kb5
Bb7 41. Kc4 Be1 42. Nxb7 Kxb7 43. Kb3 Kb6 44. Kc4 Ka5 45. Kb3 Kb5 46. Be2+ Kc5
47. Bf3 Kd4 48. Bg2 h6 49. Bf3 Kc5 50. Bg2 Bf2 51. Bf3 Bg1 52. h3 Bh2 53. g4
Bxf4 54. gxf5 gxf5 55. Bg2 Bd2 56. Bf3 Kd4 0-1

[Event "DVM U12 2003"]
[Site "Verden/Aller GER"]
[Date "2003.12.28"]
[Round "4"]
[White "Leschner, Marius"]
[Black "Lorenz, Nicole"]
[Result "0-1"]
[Termination "normal"]
[Board "6.2"]
[WhiteElo "1234"]
[BlackElo "1375"]
[WhiteTeam "USG Chemnitz"]
[BlackTeam "USV TU Dresden"]
[PlyCount "144"]
[WhiteFideId "4613813"]
[BlackFideId "24623709"]
[EventCountry "GER"]
[EventRounds "7"]
[EventType "team-swiss"]
[EventDate "2003.12.26"]

1. e4 c5 2. Nf3 e6 3. d4 cxd4 4. Nxd4 a6 5. Nc3 Nc6 6. Be3 Nge7 7. Bc4 Nxd4 8.
Bxd4 Nc6 9. O-O b5 10. Bb3 Qg5 11. f4 Qg6 12. f5 Qg5 13. fxe6 dxe6 14. Bb6 Bc5+
15. Bxc5 Qxc5+ 16. Kh1 O-O 17. Qf3 Bb7 18. Rad1 Rac8 19. Qf2 Ne5 20. Qxc5 Rxc5
21. Rd4 Rfc8 22. Rfd1 h6 23. a4 Ng4 24. Kg1 Nf6 25. axb5 axb5 26. Rd8+ Kh7 27.
Rxc8 Bxc8 28. Rd8 Bd7 29. Ra8 Kg6 30. Kf2 Ng4+ 31. Kg3 h5 32. Ne2 Kf6 33. Nf4
g6 34. Nd3 Rc7 35. h3 Ne5 36. Nc1 Bc6 37. Ra5 Bxe4 38. Rxb5 Bxc2 39. Ne2 Bd3
40. Nd4 Bxb5 41. Nxb5 Rb7 42. Ba4 Nc4 43. b3 Nb2 44. Nd6 Rb8 45. Ne4+ Ke5 46.
Ng5 Nxa4 47. bxa4 f6 48. Nf3+ Kd5 49. Nh4 g5 50. Nf3 Ra8 51. Ng1 Rxa4 52. Ne2
Ra3+ 53. Kf2 Ra2 54. Kf3 g4+ 55. hxg4 hxg4+ 56. Ke3 Rxe2+ 57. Kxe2 Ke4 58. Kf2
Kf4 59. g3+ Ke4 60. Ke2 f5 61. Kf2 Kd3 62. Kg1 e5 63. Kf2 Kd2 64. Kg2 e4 65.
Kf2 e3+ 66. Kg1 e2 67. Kh2 e1=Q 68. Kg2 Ke3 69. Kh2 Qf2+ 70. Kh1 Qe2 71. Kg1
Kf3 72. Kh1 Qg2# 0-1

[Event "DVM U12 2003"]
[Site "Verden/Aller GER"]
[Date "2003.12.28"]
[Round "4"]
[White "Osmanodja, Bilgin"]
[Black "Oltmanns, Ingmar"]
[Result "0-1"]
[Termination "normal"]
[Board "6.3"]
[WhiteElo "1347"]
[BlackElo "1188"]
[WhiteTeam "USV TU Dresden"]
[BlackTeam "USG Chemnitz"]
[PlyCount "86"]
[BlackFideId "4613910"]
[EventCountry "GER"]
[EventRounds "7"]
[EventType "team-swiss"]
[EventDate "2003.12.26"]

1. e4 c6 2. d4 d5 3. Nc3 dxe4 4. Nxe4 Bf5 5. Qd3 Qd5 6. f3 e6 7. Ne2 c5 8. Qe3
c4 9. Nf4 Qc6 10. Bd2 Nd7 11. Be2 Ngf6 12. Nxf6+ Nxf6 13. c3 Bd6 14. O-O Qc7
15. b3 g5 16. Nxe6 Bxe6 17. Bxc4 Bxh2+ 18. Kh1 Nh5 19. Be1 Qf4 20. Qe2 Kd7 21.
Bxe6+ fxe6 22. Qb5+ Ke7 23. Qxb7+ Kf6 24. g4 Ng3+ 25. Bxg3 Qxg3 26. f4 gxf4 27.
Qf3 Qxf3+ 28. Rxf3 Bg3 29. Kg2 h5 30. Raf1 Kg5 31. gxh5 Rxh5 32. Kg1 Rah8 33.
Rxg3+ fxg3 34. Kg2 Kg4 35. Rg1 Rh2+ 36. Kf1 Kf3 37. Ke1 Rh1 38. Rxh1 Rxh1+ 39.
Kd2 g2 40. Kd3 g1=Q 41. Kc4 Qa1 42. a4 Qa2 43. Kb4 Rb1 0-1

[Event "DVM U12 2003"]
[Site "Verden/Aller GER"]
[Date "2003.12.28"]
[Round "4"]
[White "Le Minh, Viet"]
[Black "Osmanodja, Filiz"]
[Result "0-1"]
[Termination "normal"]
[Board "6.4"]
[WhiteElo "1164"]
[BlackElo "1353"]
[WhiteTeam "USG Chemnitz"]
[BlackTeam "USV TU Dresden"]
[PlyCount "138"]
[BlackFideId "24633569"]
[EventCountry "GER"]
[EventRounds "7"]
[EventType "team-swiss"]
[EventDate "2003.12.26"]

1. e4 e5 2. Nf3 Nf6 3. Nc3 Bb4 4. d3 Nc6 5. Bd2 d6 6. a3 Ba5 7. b4 Bb6 8. g3
Bg4 9. Bg2 O-O 10. Bg5 h6 11. Be3 Rc8 12. Qd2 Nh7 13. O-O f5 14. h3 Bh5 15. Nh2
g5 16. g4 fxg4 17. hxg4 Bg6 18. Rfe1 Qd7 19. Nd5 Ne7 20. Bxb6 cxb6 21. Ne3 Nf6
22. f3 Rc7 23. Nf5 Kh7 24. Rec1 Bxf5 25. exf5 Nfd5 26. Nf1 Nf4 27. Ng3 Nc6 28.
Ne2 Nxg2 29. Kxg2 d5 30. Qe3 Rfc8 31. Ra2 Re8 32. Ng3 Nd4 33. Nh5 Qf7 34. Ng3
Nb5 35. Ne2 d4 36. Qf2 Qxa2 37. Ng3 Nxa3 38. Ne4 Rf8 39. c4 Qxf2+ 40. Kxf2 b5
41. c5 b6 42. Rh1 Nc2 43. Nxg5+ Kg8 44. Ne6 Rfc8 45. Nxc7 Rxc7 46. Rxh6 Nxb4
47. cxb6 axb6 48. Rxb6 Nxd3+ 49. Ke2 Nf4+ 50. Kd2 Rc5 51. f6 Kf7 52. g5 Nd5 53.
Rb7+ Nc7 54. Ra7 Kg6 55. Kd3 Rc3+ 56. Kd2 b4 57. Rb7 b3 58. Ke2 Rc2+ 59. Kd3
Rc3+ 60. Ke2 Re3+ 61. Kd2 Nd5 62. Rg7+ Kh5 63. f7 Rxf3 64. g6 b2 65. Rg8 b1=Q
66. g7 Qd3+ 67. Kc1 Rf1+ 68. Kb2 Rf2+ 69. Kc1 Qf1# 0-1

[Event "DVM U12 2003"]
[Site "Verden/Aller GER"]
[Date "2003.12.28"]
[Round "4"]
[White "Biller, Nikklas"]
[Black "Fuchs, Raimond"]
[Result "0-1"]
[Termination "normal"]
[Board "7.1"]
[WhiteElo "1248"]
[BlackElo "1282"]
[WhiteTeam "Wilhelmshavener SF"]
[BlackTeam "USV Potsdam"]
[PlyCount "128"]
[EventCountry "GER"]
[EventRounds "7"]
[EventType "team-swiss"]
[EventDate "2003.12.26"]

1. d4 f5 2. Nf3 e6 3. Bf4 Nf6 4. e3 d5 5. c4 c6 6. Nc3 Bd6 7. Bg3 Bxg3 8. hxg3
Nbd7 9. Bd3 b6 10. Rc1 Bb7 11. cxd5 cxd5 12. Nb5 O-O 13. Nc7 Nc5 14. Nxa8 Nxd3+
15. Qxd3 Bxa8 16. Qc3 Bb7 17. Qc7 Qxc7 18. Rxc7 Rc8 19. Rxc8+ Bxc8 20. Kd1 Ne4
21. Ke1 Ba6 22. Nd2 Nf6 23. f3 h6 24. Kf2 Bb7 25. Rc1 Ne8 26. g4 fxg4 27. fxg4
g5 28. Kf3 Kf8 29. e4 dxe4+ 30. Nxe4 Nd6 31. Re1 Ke7 32. Re2 a6 33. Re3 Bd5 34.
b3 a5 35. a3 b5 36. a4 bxa4 37. bxa4 Kf7 38. g3 Kg6 39. Re2 Kf7 40. Re3 Ke7 41.
Re1 Nxe4 42. Rxe4 Bxe4+ 43. Kxe4 Kd6 44. d5 exd5+ 45. Kd4 Kc6 46. Ke3 Kc5 47.
Kd3 d4 48. Kd2 Kb4 49. Kd3 Kxa4 50. Kxd4 Kb3 51. Kd3 a4 52. Kd2 Kb2 53. Kd3 a3
54. Ke4 a2 55. Kf5 a1=Q 56. Kg6 Qa6+ 57. Kh5 Qb5 58. Kxh6 Kc3 59. Kh5 Kd4 60.
Kh6 Qe5 61. Kh5 Kd5 62. Kh6 Ke6 63. Kh5 Kf6 64. Kh6 Qe7 0-1

[Event "DVM U12 2003"]
[Site "Verden/Aller GER"]
[Date "2003.12.28"]
[Round "4"]
[White "Friedrich, Wiede"]
[Black "Kallusky, Nicolas"]
[Result "1-0"]
[Termination "normal"]
[Board "7.2"]
[WhiteElo "1462"]
[BlackElo "837"]
[WhiteTeam "USV Potsdam"]
[BlackTeam "Wilhelmshavener SF"]
[PlyCount "98"]
[WhiteFideId "24629537"]
[EventCountry "GER"]
[EventRounds "7"]
[EventType "team-swiss"]
[EventDate "2003.12.26"]

1. e4 d5 2. exd5 Qxd5 3. Nc3 Qa5 4. d4 Nf6 5. h3 Bf5 6. Nf3 Nc6 7. Bd2 O-O-O 8.
Bc4 Qb4 9. b3 e6 10. O-O Nxd4 11. Nxd4 Rxd4 12. Rc1 a6 13. Ne4 Qe7 14. Ng3 Bg6
15. Qe1 Qd7 16. Be3 Rd6 17. Bf4 Rc6 18. c3 Bd6 19. Rd1 h5 20. h4 Qe7 21. Bxd6
Rxd6 22. Qe3 Rhd8 23. Qa7 Nd7 24. Qa8+ Nb8 25. Rxd6 Rxd6 26. Qa7 Rb6 27. a4 Qa3
28. Rd1 f5 29. Re1 Bf7 30. Nxh5 Qf8 31. Nf4 Kd7 32. a5 Nc6 33. axb6 Nxa7 34.
bxa7 Qa8 35. Nxe6 Bxe6 36. Bxe6+ Kd6 37. Bxf5 Qxa7 38. g4 Qc5 39. Re6+ Kd5 40.
c4+ Kd4 41. Re3 b5 42. Rd3+ Ke5 43. Rd5+ Qxd5 44. cxd5 Kxd5 45. f4 c5 46. h5 c4
47. bxc4+ bxc4 48. g5 Kd6 49. h6 Ke7 1-0

[Event "DVM U12 2003"]
[Site "Verden/Aller GER"]
[Date "2003.12.28"]
[Round "4"]
[White "Schmitt, Philipp"]
[Black "Gölz, Daniel"]
[Result "0-1"]
[Termination "normal"]
[Board "8.1"]
[WhiteElo "1446"]
[BlackElo "1643"]
[WhiteTeam "SF Bad Mergentheim"]
[BlackTeam "SK Feilbingert"]
[PlyCount "114"]
[WhiteFideId "24641766"]
[BlackFideId "24626325"]
[EventCountry "GER"]
[EventRounds "7"]
[EventType "team-swiss"]
[EventDate "2003.12.26"]

1. e4 c5 2. Nf3 Nc6 3. d4 cxd4 4. Nxd4 Nf6 5. Nc3 e5 6. Ndb5 d6 7. Bg5 a6 8.
Bxf6 gxf6 9. Na3 b5 10. Nd5 Be6 11. Be2 Bh6 12. O-O Rg8 13. Qd3 Nd4 14. c3
Nxe2+ 15. Qxe2 Bh3 16. Qf3 Bxg2 17. Qxg2 Rxg2+ 18. Kxg2 f5 19. exf5 Qg5+ 20.
Kh1 O-O-O 21. Rg1 Qh5 22. Rg2 Qf3 23. Nb4 Rg8 24. Rag1 Bf4 25. Nd3 Bxh2 26. Ne1
Qe4 27. f3 Rxg2 28. fxe4 Rxg1+ 29. Kxh2 Rxe1 30. Kg3 Rxe4 31. Nc2 Re2 32. Nb4
Rxb2 33. Nxa6 Rxa2 34. Nb4 Ra3 35. Nd5 b4 36. Nxb4 Rxc3+ 37. Kf2 Rc4 38. Nd5
Rd4 39. Ne7+ Kd7 40. Ng8 Rf4+ 41. Kg3 Rxf5 42. Nh6 Rf6 43. Ng4 Rg6 44. Kf3 Rxg4
45. Kxg4 e4 46. Kf4 d5 47. Ke3 h5 48. Kf2 h4 49. Kg2 e3 50. Kf3 h3 51. Kg3 e2
52. Kxh3 e1=Q 53. Kg4 Qf2 54. Kh3 Ke6 55. Kg4 Ke5 56. Kh3 Qg1 57. Kh4 Kf4 0-1

[Event "DVM U12 2003"]
[Site "Verden/Aller GER"]
[Date "2003.12.28"]
[Round "4"]
[White "Cornish, Alexander"]
[Black "Pfleger, Jochen"]
[Result "1-0"]
[Termination "normal"]
[Board "8.2"]
[WhiteElo "1201"]
[BlackElo "1214"]
[WhiteTeam "SK Feilbingert"]
[BlackTeam "SF Bad Mergentheim"]
[PlyCount "85"]
[BlackFideId "24641634"]
[EventCountry "GER"]
[EventRounds "7"]
[EventType "team-swiss"]
[EventDate "2003.12.26"]

1. e4 e6 2. d4 d5 3. e5 c5 4. c3 Qb6 5. Nf3 cxd4 6. cxd4 Nc6 7. Nc3 Bb4 8. a3
Bxc3+ 9. bxc3 Bd7 10. Qc2 Rc8 11. Rb1 Qc7 12. Bb2 Na5 13. Bd3 h6 14. O-O Nc4
15. Bxc4 Qxc4 16. Nd2 Qa4 17. Qxa4 Bxa4 18. Ba1 Bc6 19. Rfc1 b5 20. g3 Ne7 21.
Nb3 O-O 22. f4 Nf5 23. Kf2 g5 24. Rg1 Kh7 25. Rg2 g4 26. Na5 a6 27. Nb3 f6 28.
Nc5 Rce8 29. Nxa6 fxe5 30. dxe5 d4 31. cxd4 Bxg2 32. Kxg2 Rd8 33. Rxb5 Nxd4 34.
Rb7+ Kg6 35. Nc5 Kf5 36. Rh7 Nf3 37. Bc3 Rh8 38. Rf7+ Kg6 39. Rf6+ Kh7 40. Nxe6
Rc8 41. Rf7+ Kg6 42. Rf6+ Kh5 43. Ng7# 1-0

[Event "DVM U12 2003"]
[Site "Verden/Aller GER"]
[Date "2003.12.28"]
[Round "4"]
[White "Tses, Evangelos"]
[Black "Gertenbach, Robin"]
[Result "0-1"]
[Termination "normal"]
[Board "8.3"]
[WhiteElo "1062"]
[BlackElo "1117"]
[WhiteTeam "SF Bad Mergentheim"]
[BlackTeam "SK Feilbingert"]
[PlyCount "46"]
[EventCountry "GER"]
[EventRounds "7"]
[EventType "team-swiss"]
[EventDate "2003.12.26"]

1. c4 e5 2. Nc3 Nf6 3. e3 Nc6 4. d4 Bd6 5. Bd3 exd4 6. exd4 O-O 7. Nf3 Bb4 8.
Qc2 Bxc3+ 9. Qxc3 d5 10. b3 Bg4 11. Bc2 Re8+ 12. Be3 Ne4 13. Qd3 dxc4 14. Qxc4
Bxf3 15. gxf3 Nd6 16. Qd3 g6 17. d5 Nb4 18. Qd2 Nxc2+ 19. Qxc2 Qf6 20. O-O Qxf3
21. Bh6 Re2 22. Qb1 Qc3 23. Qc2 Qxc2 0-1

[Event "DVM U12 2003"]
[Site "Verden/Aller GER"]
[Date "2003.12.28"]
[Round "4"]
[White "Jung, Philipp"]
[Black "Mühlbayer, Kevin"]
[Result "0-1"]
[Termination "normal"]
[Board "8.4"]
[WhiteElo "1106"]
[BlackElo "1183"]
[WhiteTeam "SK Feilbingert"]
[BlackTeam "SF Bad Mergentheim"]
[PlyCount "126"]
[BlackFideId "4624360"]
[EventCountry "GER"]
[EventRounds "7"]
[EventType "team-swiss"]
[EventDate "2003.12.26"]

1. e4 e5 2. Nf3 Nc6 3. Nc3 Nf6 4. Bb5 Bc5 5. Nxe5 Nxe5 6. d4 Bxd4 7. Qxd4 Nc6
8. Bxc6 dxc6 9. Qxd8+ Kxd8 10. Bg5 Ke7 11. e5 Re8 12. exf6+ gxf6 13. Be3 Bf5
14. O-O-O Kf8 15. Bh6+ Kg8 16. Rd4 Re6 17. g4 Bg6 18. f4 f5 19. Rg1 Kh8 20.
gxf5 Bxf5 21. Bg7+ Kg8 22. Be5+ Kf8 23. Bxc7 Bg6 24. Rd8+ Rxd8 25. Bxd8 b5 26.
b3 b4 27. Na4 Re2 28. c3 bxc3 29. Kd1 Rxa2 30. Nxc3 Ra1+ 31. Kd2 Rxg1 32. Ne2
Rg2 33. Ke3 Rxh2 34. Bc7 f5 35. Nd4 Rb2 36. Bd6+ Kf7 37. b4 Ke8 38. Bc5 Kd7 39.
Kd3 a6 40. Bf8 h5 41. Nf3 Ke6 42. Kc4 Rf2 43. Nd4+ Kd7 44. Bh6 h4 45. Bg5 h3
46. Bh4 Rxf4 47. Bg3 Rg4 48. Bh2 f4 49. Kc3 Rg2 50. Bxf4 h2 51. Bxh2 Rxh2 52.
Nb3 Kd6 53. Kc4 Bf7+ 54. Kc3 Rh3+ 55. Kb2 Rxb3+ 56. Ka1 Bh5 57. Ka2 Rxb4 58.
Ka3 Kc5 59. Ka2 Kc4 60. Ka3 Kc3 61. Ka2 Rb5 62. Ka1 Kc2 63. Ka2 Ra5# 0-1

[Event "DVM U12 2003"]
[Site "Verden/Aller GER"]
[Date "2003.12.28"]
[Round "4"]
[White "Borgmeyer, Max"]
[Black "Rafiee, Makan"]
[Result "0-1"]
[Termination "normal"]
[Board "9.1"]
[WhiteElo "1678"]
[BlackElo "1647"]
[WhiteTeam "Königsspringer Hamburg"]
[BlackTeam "SK Baunatal"]
[PlyCount "94"]
[WhiteFideId "24615870"]
[BlackFideId "24609340"]
[EventCountry "GER"]
[EventRounds "7"]
[EventType "team-swiss"]
[EventDate "2003.12.26"]

1. e4 c5 2. Nf3 d6 3. d4 cxd4 4. Nxd4 Nf6 5. Nc3 a6 6. a4 e5 7. Nb3 Be6 8. Be3
Be7 9. Be2 Nbd7 10. O-O O-O 11. Qd2 Rc8 12. Rad1 Rxc3 13. Qxc3 Nxe4 14. Qe1 d5
15. Bd3 Nd6 16. f3 f5 17. Nc5 Bf7 18. Nxd7 Qxd7 19. b3 f4 20. Bc1 Bf6 21. Ba3
Re8 22. Bxd6 Qxd6 23. Kh1 Qc6 24. Qd2 e4 25. fxe4 dxe4 26. Be2 Be5 27. Bg4 Qg6
28. Be2 Qh6 29. Bg4 Qh4 30. Bf5 e3 31. Qe2 Bh5 32. Rf3 Bxf3 33. gxf3 Qf6 34.
Be4 Qb6 35. Qd3 Kh8 36. Qd7 Rg8 37. Qf5 Qh6 38. Qxe5 e2 39. Re1 Qh3 40. Kg1 Rd8
41. Qa1 Rd2 42. Qc1 Qd7 43. Qa3 Kg8 44. Qb4 Rd1 45. Qc4+ Kh8 46. Qxe2 Qd4+ 47.
Qf2 Rxe1+ 0-1